00411nam a22001457a 450000500170000000800410001702200130005804100120007108200130008310000130009624500560010926000480016530000260021365000260023920240415064416.0240415b |||||||| |||| 00| 0 eng d a02582503 aEnglish a349 SOU  lEnglish  aThe South African Law Journal / cedited by E Kahn  aCape Town : bJuta and Company Ltd, c1884  b241 pages ; c25 cm.  aLegal practice bLaw